| 000 -LEADER |
| fixed length control field |
00389cam a22001097a 4500 |
| 008 - FIXED-LENGTH DATA ELEMENTS--GENERAL INFORMATION |
| fixed length control field |
180718b1968 xxu||||| |||| 00| 0 eng d |
| 082 ## - DEWEY DECIMAL CLASSIFICATION NUMBER |
| Classification number |
B7303x5412 B436r/1963 |
| 100 ## - MAIN ENTRY--PERSONAL NAME |
| Personal name |
West Bengal. Local Self-Government Department |
| 245 ## - TITLE STATEMENT |
| Title |
Model rules and model by-laws under the Bengal Municipal Act, 1932 (corrected up to 30th June 1963) |
| 260 ## - PUBLICATION, DISTRIBUTION, ETC. |
| Place of publication, distribution, etc. |
Calcutta |
| Name of publisher, distributor, etc. |
The author |
| Date of publication, distribution, etc. |
1968 |
| 300 ## - PHYSICAL DESCRIPTION |
| Extent |
71p. |